Выше революционную бдительность (Запись № 6394685)

Подробности
000 -МАРКЕР
контрольное поле 01567nam0a22003131 4500
001 - ИДЕНТИФИКАТОР ЗАПИСИ
контрольное поле rc\2922424
005 - ИДЕНТИФИКАТОР ВЕРСИИ
контрольное поле 20260407070705.0
035 ## - ДРУГИЕ СИСТЕМНЫЕ НОМЕРА
Идентификатор записи (NLR Aleph) 007072499
100 ## - ДАННЫЕ ОБЩЕЙ ОБРАБОТКИ
Данные общей обработки 20110814d1939 |||y0rusy50 ca
101 0# - ЯЗЫК РЕСУРСА
Язык текста, звукозаписи и т.д. русский
102 ## - СТРАНА ПУБЛИКАЦИИ ИЛИ ПРОИЗВОДСТВА
Страна публикации Российская Федерация
105 ## - ПОЛЕ КОДИРОВАННЫХ ДАННЫХ: ТЕКСТОВЫЕ МАТЕРИАЛЫ, МОНОГРАФИЧЕСКИЕ
Кодированные данные о монографическом текстовом документе y z |||||
200 1# - ЗАГЛАВИЕ И СВЕДЕНИЯ ОБ ОТВЕТСТВЕННОСТИ
Основное заглавие Выше революционную бдительность
Сведения, относящиеся к заглавию Сборник
Первые сведения об ответственности Сост. Я.А. Серов и С.В. Савина Отдел партийн. пропаганды и агитации Курского обкома ВКП(б)
210 ## - ПУБЛИКАЦИЯ, РАСПРОСТРАНЕНИЕ И ДР.
Место издания, распространения и т.д. [Курск]
Имя издателя, распространителя и т. д. Курское обл. изд-во
Дата издания, распространения и т.д. 1939
215 ## - ФИЗИЧЕСКАЯ ХАРАКТЕРИСТИКА
Специфическое обозначение материала и объем 180 с.
Размеры 20 см
300 ## - ОБЩИЕ ПРИМЕЧАНИЯ
Текст примечания Авт. статей: Е. Ярославский, М. Мануильский, А.Я. Вышинский
700 #1 - ИМЯ ЛИЦА - ПЕРВИЧНАЯ ОТВЕТСТВЕННОСТЬ
Начальный элемент ввода Серов
Часть имени, кроме начального элемента ввода Я.А.
Расширение инициалов личного имени Яков Алексеевич
701 #1 - ИМЯ ЛИЦА - АЛЬТЕРНАТИВНАЯ ОТВЕТСТВЕННОСТЬ
Начальный элемент ввода Савина
Часть имени, кроме начального элемента ввода С.В.
701 #1 - ИМЯ ЛИЦА - АЛЬТЕРНАТИВНАЯ ОТВЕТСТВЕННОСТЬ
Код отношения Автор введения, предисловия, примечания и т.п.
Графика поля Кириллица
Материалы, к которым относится поле rus
Начальный элемент ввода Ярославский
Часть имени, кроме начального элемента ввода Е. М.
Дополнения к именам, кроме дат гос. и парт. деятель
Даты 1878-1943
Расширение инициалов личного имени Емельян Михайлович
Идентификатор авторитетной/нормативной записи RU\NLR\AUTH\770172725
Системный номер авторитетной/нормативной записи 172674
701 #1 - ИМЯ ЛИЦА - АЛЬТЕРНАТИВНАЯ ОТВЕТСТВЕННОСТЬ
Начальный элемент ввода Мануильский
Часть имени, кроме начального элемента ввода М. З.
Дополнения к именам, кроме дат гос. и парт. деятель, журналист
Даты 1892-1955
Расширение инициалов личного имени Михаил Захарович
Системный номер авторитетной/нормативной записи 182956
Идентификатор авторитетной/нормативной записи RU\NLR\AUTH\770183007
701 #1 - ИМЯ ЛИЦА - АЛЬТЕРНАТИВНАЯ ОТВЕТСТВЕННОСТЬ
Начальный элемент ввода Вышинский
Часть имени, кроме начального элемента ввода А.Я.
712 02 - НАИМЕНОВАНИЕ ОРГАНИЗАЦИИ - ВТОРИЧНАЯ ОТВЕТСТВЕННОСТЬ
Начальный элемент ввода ВКП(б)
Структурное подразделение Курский областной комитет
-- Отдел партийной пропаганды и агитации
Код отношения Прочие
801 #0 - ИСТОЧНИК ЗАПИСИ
Страна Российская Федерация
Организация NLR
Правила каталогизации psbo
801 #1 - ИСТОЧНИК ЗАПИСИ
Страна Российская Федерация
Организация ELAR
Источник данных rusmarc
852 ## - МЕСТОНАХОЖДЕНИЕ И ШИФР ХРАНЕНИЯ
Идентификатор организации NLR
Шифр хранения (Call Number) 39-3/157
942 ## - ДОПОЛНИТЕЛЬНЫЕ ЭЛЕМЕНТЫ ЗАПИСИ (АБИС)
Тип экземпляра АБИС Книга
980 ## - КОЛЛЕКЦИЯ
Название коллекции Национальная библиография
Экземпляры
Тип экземпляра Дата поступления Библиотека постоянного хранения Библиотека текущего хранения Место хранения Шифр хранения Штрих-код Статус экземпляра
Книга 26.10.2013 РНБ (Садовая) РНБ (Садовая) Русский книжный фонд -Главное здание, Ленинский читальный зал 39-3/157 1-3725236